| 000 | 00824nam a2200277 a 4500 | ||
|---|---|---|---|
| 005 | 20160303110931.0 | ||
| 008 | 140226b1998 ck ||||| |||| 00| 0 spa d | ||
| 040 |
_aCO-BoIAVH _cCO-BoIAVH |
||
| 041 | _aspa | ||
| 044 | _ack | ||
| 082 | 0 | 4 |
_a572 _bB82d |
| 090 |
_aLB _b01135 |
||
| 100 | 1 |
_aBravo-Pazmiño, Hernando E. _911040 |
|
| 245 | 1 | 0 | _aDiversidad cultural y manglares del Pacífico colombiano |
| 260 |
_aBogotá _bMinambiente _bAcofore _bOIMT _c1998 |
||
| 300 |
_a360 p. _c28 cm. |
||
| 650 | 4 |
_aDiversidad cultural _963471 |
|
| 650 | 4 |
_aManglares _963472 |
|
| 650 | 4 |
_aEtnografía _98269 |
|
| 650 | 4 |
_aComunidades negras _963473 |
|
| 650 | 4 |
_aComunidades indígenas _963474 |
|
| 662 | _aColombia | ||
| 700 | 1 |
_aSánchez-Páez, Heliodoro _96970 |
|
| 700 | 1 |
_aAlvarez-León, Ricardo _91884 |
|
| 942 |
_cImpreso _01 _2ddc |
||
| 999 |
_c1146 _d1146 |
||